000 00558nam a2200133 4500
008 051202s1976 hk 0 0 chi
090 _aBS315.C55
_bB47ncbc
130 0 _6
_aBible.
_pN.T. Chinese
245 1 0 _aXin yue quan shu {ch} /
_cZhong wen Sheng jing xin yi wei yuan hui fan yi.
260 _aXianggang :
_bGai hui; Lockman Foundation,
_c1976.
300 _a11, 421 p. :
_bcol. maps ;
_c19 cm.
630 0 4 _aBible. N.T. Chinese
_xVersions
_xNew Chinese Bible Commission {ch}.
951 _pC-6979
_x00031960
_oBS315.C55/B47ncbc
_j070613111531437
_d2000-12-21
_cREF-CH
999 _c25342
_d25342